000 00824nam a2200205Ii 4500
003 JO-AjNU
008 230605s9999||||xx |||||||||||||| ||und||
017 _a2003/5/943
040 _aJO-AjNU
_bara
_erda
_cJO-AjNU
041 _aara
050 1 4 _aPJ6351.K37.Z86 2003
100 3 _aدراسة وتقديم الزبيدي، سعيد جاسم,
_eauthor
_935501
245 0 0 _aنحوي مجهول في القرن العشرين: الشيخ يوسف كركوش (1906م - 1990) وكتابه رأي في الإعراب
264 3 1 _aعمان: دار أسامة للنشر والتوزيع، 2003
300 _a144ص
336 _atext
_btxt
_2rdacontent
337 _aunmediated
_bn
_2rdamedia
338 _avolume
_bnc
_2rdacarrier
650 4 _aاللغة العربية - قواعد - تحليل ونقد - تراجم
_935502
999 _aA14664
_c18232
_d18232